[Event "Bhilwara op"]
[Site "Bhilwara"]
[Date "2024.12.24"]
[Round "1"]
[White "Malik, Dheeraj"]
[Black "Prakash, Ram"]
[Result "0-1"]
[WhiteElo "1424"]
[BlackElo "1942"]
[PlyCount "50"]
[EventDate "2024.12.24"]
[EventType "swiss"]
[EventRounds "9"]
[EventCountry "IND"]
[SourceTitle "CB02_2025"]
[SourceDate "2025.01.08"]
[SourceVersion "1"]
[SourceVersionDate "2025.01.08"]
[SourceQuality "1"]

1. d4 Nf6 2. c4 e6 3. Nf3 d5 4. e3 c6 5. Bd3 Nbd7 6. 0-0 Be7 7. Nc3 dxc4 8. Bxc4 b5 9. Bd3 Bb7 10. Qe2 a6 11. e4 b4 12. e5 bxc3 13. exf6 Nxf6 14. bxc3 c5 15. Rd1 cxd4 16. Nxd4 Qc7 17. Bg5 0-0 18. h4 h6 19. Nxe6 fxe6 20. Qxe6+ Kh8 21. Qf5 Qc6 22. Kf1 Qxg2+ 23. Ke1 hxg5 24. hxg5 Ne4 25. Bxe4 Bxe4 0-1